Procesos formativos y prácticas de los formadores de docentes /

Bibliographic Details
Other Authors: Lozano Andrade, José Inés (Editor), Gutiérrez Álvarez, Edith (Editor)
Format: Electronic eBook
Language:Spanish
Published: [Madrid, España] : Díaz de Santos, [2015]
Subjects:
Online Access:Digitalia Hispánica

MARC

LEADER 00000nam a2200000 i 4500
001 DIGDISANT0172
003 NyNyDIG
007 cr |||||||||||
008 240312s2015 sp ob 000 0 spa d
006 m o d
035 |a (OCoLC)972293189 
040 |a DGITA  |b eng  |e rda  |e pn  |c DGITA 
020 |a 9788490520260  |q (libro electrónico) 
020 |z 9788499697017  |q (libro en papel) 
050 1 4 |a LB1707 ebook 
245 0 0 |a Procesos formativos y prácticas de los formadores de docentes /  |c Inés Lozano Andrade, Edith Gutiérrez Álvarez (coordinadores). 
264 1 |a [Madrid, España] :  |b Díaz de Santos,  |c [2015] 
300 |a 1 online resource. 
336 |a text  |b txt  |2 rdacontent 
337 |a computer  |b c  |2 rdamedia 
338 |a online resource  |b cr  |2 rdacarrier 
347 |a text file  |2 rdaft 
347 |b PDF 
504 |a Includes bibliographical references. 
588 0 |a Online resource; title from PDF title page (Digitalia, viewed March 12, 2024) 
650 0 |a Teachers  |x Training of. 
700 1 |a Lozano Andrade, José Inés,  |e editor. 
700 1 |a Gutiérrez Álvarez, Edith,  |e editor. 
791 2 |a Digitalia (Firm),  |e distributor. 
793 0 |g Digitalia eBook Collection:  |a Díaz de Santos 
776 0 8 |i Print version:  |t Procesos formativos y prácticas de los formadores de docentes.  |d [Madrid, España] : Díaz de Santos, [2013]  |z 9788499697017 
856 4 0 |3 Digitalia Hispánica  |u https://www.digitaliapublishing.com/a/136138/ 
910 |a Premium collection: 2024